Statystyki dla Od kogo niepodległe?

Kliknij tutaj aby rozwiązać quiz!

Ogólne statystyki

  • Ten quiz został rozwiązany 121 razy
    (52 od ostatniego zresetowania)
  • Średni wynik to 12 z 14

Statystyki odpowiedzi

PaństwoNiepodległe od..% Poprawnych
Gujana | Malediwy | Stany ZjednoczoneWielka Brytania
100%
BrazyliaPortugalia
98%
Sudan PołudniowySudan
94%
LitwaZSRR
92%
Korea PółnocnaKorea
88%
MongoliaChiny
88%
IndonezjaHolandia
86%
Nauru | Papua Nowa GwineaAustralia
80%
Macedonia PółnocnaJugosławia
80%
SomaliaFrancja
73%
NamibiaRepublika Południowej Afryki
73%

Rozkład punktacji

Percentyl według liczby udzielonych odpowiedzi

Procent ludzi z każdym wynikiem

Twoja historia wyników

Nie rozwiązałeś tego quizu od ostatniego zresetowania